000 01230nam0a22002771 4500
001 rc\3635777
005 20260408082039.0
021 _aRU
_b[72-29962]
035 _a(NLR Aleph) 007826927
090 _a7762445
_c7762445
100 _a20130115d1972 |||y0rusy50 ca
101 0 _arus
102 _aRU
105 _ay z |||||
200 1 _aМетодические рекомендации по организации нравственного воспитания в юношеском возрасте
_fМ-во высш. и сред. спец. образования БССР. Науч.-метод. кабинет
210 _aМинск
_cБ. и.
_d1972
215 _a18 с.
_d20
300 _aВ конце текста авт.: Гавриловец К.В.
606 _aНравственное воспитание в школе
_2psbo
701 1 _aГавриловец
_bК.В.
712 0 1 _aБССР
_bМинистерство высшего и среднего специального образования
_bНаучно-методический кабинет
_3RU\NLR\AUTH\8810133873
_9763879
801 0 _aRU
_bNLR
_gpsbo
801 1 _aRU
_bELAR
_2rusmarc
852 _aNLR
_j72-4/12647
942 _cBOOK
980 _aNB